000 00624na a2200229 4500
001 16191
003 MIRAKIL
005 20181213155231.0
008 161110b tu 000 0
035 _a16191
040 _aMilas
_btur
_cTR-AnCHP
041 _atur
082 _a320.9561
_bT96 2007
090 _a320.9561 T96 2007
245 _aTürkiye sorunları
_cYayına hazırlayan Ali Nejat Ölçen
260 _aAnkara
_b[yayl.y.]
_c2007
300 _a63 s.
_c19 sm.
310 _a2 aylık
_bHaziran 2007
362 _aYıl 14, Sayı 69
650 _aSiyaset bilimi
_ySüreli yayınlar
_zTürkiye
942 _2ddc
_cBKS
999 _c9001
_d9001